[Event "Kstovo Chess Hopes op"]
[Site "Kstovo"]
[Date "2012.07.??"]
[Round "4"]
[White "Galkin, Dmitri"]
[Black "Gorozhanin, Mikhail"]
[Result "0-1"]
[WhiteElo "2228"]
[BlackElo "1940"]
[PlyCount "46"]
[EventDate "2012.07.??"]
[EventType "swiss"]
[EventRounds "9"]
[EventCountry "RUS"]
[SourceTitle "EXT 2014"]
[Source "ChessBase"]
[SourceDate "2013.11.20"]
[SourceVersion "1"]
[SourceVersionDate "2013.11.20"]
[SourceQuality "1"]

1. d4 Nf6 2. Bg5 c5 3. d5 Qb6 4. Bxf6 gxf6 5. Qc1 Bh6 6. e3 d6 7. Nd2 Na6 8. Nc4 Qd8 9. Qd1 Bf5 10. Qh5 Bg5 11. f4 Bg6 12. Qh3 Nb4 13. Na3 Qa5 14. c3 Nxd5 15. Nc4 Qc7 16. fxg5 fxg5 17. Nd2 0-0 18. Qf3 Nf6 19. g4 Qb6 20. Nc4 Qb5 21. Qe2 Be4 22. Nf3 Bxf3 23. Qxf3 d5 0-1

[Event "Kstovo Chess Hopes op"]
[Site "Kstovo"]
[Date "2012.07.??"]
[Round "8"]
[White "Galkin, Dmitri"]
[Black "Konyshev, Artem"]
[Result "1-0"]
[WhiteElo "2228"]
[BlackElo "2370"]
[PlyCount "33"]
[EventDate "2012.07.??"]
[EventType "swiss"]
[EventRounds "9"]
[EventCountry "RUS"]
[SourceTitle "EXT 2014"]
[Source "ChessBase"]
[SourceDate "2013.11.20"]
[SourceVersion "1"]
[SourceVersionDate "2013.11.20"]
[SourceQuality "1"]

1. d4 f5 2. e4 fxe4 3. Nc3 Nf6 4. Bg5 e6 5. Nxe4 Be7 6. Bxf6 Bxf6 7. Nf3 0-0 8. Bd3 b6 9. c3 Bb7 10. Qc2 g6 11. h4 Bxe4 12. Bxe4 d5 13. Bd3 c5 14. dxc5 e5 15. 0-0-0 Qc7 16. Qb3 Qxc5 17. Be4 1-0

[Event "Nizhnij Novgorod-ch HL"]
[Site "Nizhnij Novgorod"]
[Date "2009.11.14"]
[Round "?"]
[White "Galkin, Dmitri"]
[Black "Gorozhanin, Mikhail"]
[Result "1-0"]
[WhiteElo "2230"]
[BlackElo "1899"]
[PlyCount "109"]
[EventDate "2009.11.14"]
[EventType "swiss"]
[EventRounds "9"]
[EventCountry "RUS"]
[SourceTitle "EXT 2022"]
[Source "ChessBase"]
[SourceDate "2021.10.06"]
[SourceVersion "1"]
[SourceVersionDate "2021.10.06"]
[SourceQuality "1"]

1. c4 Nf6 2. Nc3 d5 3. cxd5 Nxd5 4. g3 g6 5. Bg2 Nxc3 6. bxc3 Bg7 7. Nf3 0-0 8. 0-0 c5 9. d4 Nc6 10. Be3 cxd4 11. Nxd4 Na5 12. Qa4 Bd7 13. Qb4 Rc8 14. Rad1 Rc4 15. Qb2 b6 16. Qd2 Ba4 17. Rc1 e5 18. Nf3 Qc7 19. Bh6 Rd8 20. Qe3 Bxh6 21. Qxh6 Qe7 22. h4 f6 23. h5 Qg7 24. Qe3 Rc7 25. Qe4 Nc4 26. Rfe1 b5 27. Qg4 g5 28. Bf1 Qd7 29. Qe4 Qf7 30. Bh3 Nd6 31. Qb4 Rc4 32. Qa5 Nb7 33. Qxa7 g4 34. Bxg4 Rxg4 35. c4 Nd6 36. Qb6 Qe7 37. cxb5 Nxb5 38. Rc6 Rd6 39. Qb8+ Kf7 40. Rc8 Nd4 41. Rh8 Ke6 42. Nh2 Rg7 43. Qc8+ Bd7 44. Qc4+ Kf5 45. h6 Rf7 46. Rg8 e4 47. Nf1 Be6 48. Ne3+ Ke5 49. Qc5+ Rd5 50. Ng4+ Kf5 51. Ne3+ Ke5 52. Nc4+ Kf5 53. g4+ Kf4 54. e3+ Kf3 55. Nd2# 1-0

[Event "Nizhnij Novgorod-ch HL"]
[Site "Nizhnij Novgorod"]
[Date "2009.11.14"]
[Round "?"]
[White "Sundukov, Peter"]
[Black "Galkin, Dmitri"]
[Result "1/2-1/2"]
[WhiteElo "2164"]
[BlackElo "2230"]
[PlyCount "27"]
[EventDate "2009.11.14"]
[EventType "swiss"]
[EventRounds "9"]
[EventCountry "RUS"]
[SourceTitle "EXT 2022"]
[Source "ChessBase"]
[SourceDate "2021.10.06"]
[SourceVersion "1"]
[SourceVersionDate "2021.10.06"]
[SourceQuality "1"]

1. d4 Nf6 2. c4 e6 3. Nc3 Bb4 4. Qc2 c5 5. dxc5 Na6 6. a3 Bxc3+ 7. Qxc3 Nxc5 8. b4 Nce4 9. Qc2 d5 10. e3 Bd7 11. cxd5 exd5 12. Bb2 Rc8 13. Qb3 0-0 14. Nf3 1/2-1/2

[Event "RUS-Cup"]
[Site "Bor"]
[Date "2000.??.??"]
[Round "4"]
[White "Galkin, Dmitri"]
[Black "Kornev, Alexei"]
[Result "0-1"]
[WhiteElo "2242"]
[BlackElo "2384"]
[PlyCount "70"]
[EventDate "2000.06.??"]
[EventType "swiss"]
[EventRounds "9"]
[EventCountry "RUS"]
[SourceTitle "EXT 2001"]
[Source "ChessBase"]
[SourceDate "2000.11.22"]
[SourceVersion "1"]
[SourceVersionDate "2000.11.22"]
[SourceQuality "1"]

1. d4 g6 2. c4 Bg7 3. Nc3 d6 4. e4 Nd7 5. Be3 e5 6. d5 a5 7. Bd3 Ne7 8. f3 f5 9. Nge2 0-0 10. Qd2 c5 11. 0-0-0 Nf6 12. Kb1 f4 13. Bf2 g5 14. g4 fxg3 15. hxg3 Ng4 16. fxg4 Rxf2 17. Qxg5 Rf6 18. Rdf1 Nxd5 19. Qh5 Rxf1+ 20. Rxf1 Nf6 21. Qg5 Be6 22. Rf5 Bxf5 23. exf5 b5 24. Ne4 Nxe4 25. Qxd8+ Rxd8 26. Bxe4 b4 27. g5 h6 28. g6 h5 29. Kc2 a4 30. Kd3 Kf8 31. Bc6 Ke7 32. Ke4 d5+ 33. cxd5 c4 34. Ng1 c3 35. bxc3 b3 0-1

[Event "RUS-Cup"]
[Site "Bor"]
[Date "2000.??.??"]
[Round "3"]
[White "Mashinskaya, Iulia"]
[Black "Galkin, Dmitri"]
[Result "1/2-1/2"]
[WhiteElo "2381"]
[BlackElo "2242"]
[PlyCount "130"]
[EventDate "2000.06.??"]
[EventType "swiss"]
[EventRounds "9"]
[EventCountry "RUS"]
[SourceTitle "EXT 2001"]
[Source "ChessBase"]
[SourceDate "2000.11.22"]
[SourceVersion "1"]
[SourceVersionDate "2000.11.22"]
[SourceQuality "1"]

1. e4 c6 2. d4 d5 3. f3 e6 4. Nc3 Qb6 5. a3 Nf6 6. Nge2 dxe4 7. Nxe4 Nbd7 8. N2c3 Be7 9. Be3 Nd5 10. Nxd5 cxd5 11. Nc3 0-0 12. Be2 Nf6 13. 0-0 Bd7 14. Qd2 Rac8 15. Nd1 Bb5 16. c3 Ne8 17. Bf4 Bd6 18. Bxb5 Bxf4 19. Qxf4 Qxb5 20. Re1 Qb6 21. Rb1 Qd6 22. Qh4 Qd8 23. Qh3 Nd6 24. Ne3 b5 25. Ng4 a5 26. Re5 Nf5 27. Nf2 Qh4 28. Qxh4 Nxh4 29. Nd3 Ng6 30. Re2 Ne7 31. a4 b4 32. cxb4 axb4 33. Nc5 Nc6 34. Nb3 Ne7 35. Ra1 Rc4 36. a5 Nc6 37. Rd2 Ra8 38. Kf2 Kf8 39. Ke3 Ke7 40. Kd3 Kd6 41. Rc2 Rxc2 42. Kxc2 f6 43. Kd3 e5 44. a6 Nb8 45. Ra4 Rxa6 46. Rxb4 Nc6 47. Rb7 Ra7 48. Rxa7 Nxa7 49. Nc1 Nb5 50. Ne2 g6 51. Ke3 Ke6 52. Kd3 Nd6 53. b4 h5 54. Nc3 Nf5 55. Nb5 Kd7 56. g4 hxg4 57. fxg4 e4+ 58. Ke2 Nh6 59. h3 g5 60. Nc3 Kd6 61. b5 f5 62. b6 Kc6 63. Nxd5 fxg4 64. hxg4 Nxg4 65. Nc3 Nf6 1/2-1/2

[Event "RUS-Cup"]
[Site "Bor"]
[Date "2000.??.??"]
[Round "1"]
[White "Yagupov, Igor"]
[Black "Galkin, Dmitri"]
[Result "1-0"]
[WhiteElo "2482"]
[BlackElo "2242"]
[PlyCount "80"]
[EventDate "2000.06.??"]
[EventType "swiss"]
[EventRounds "9"]
[EventCountry "RUS"]
[SourceTitle "EXT 2001"]
[Source "ChessBase"]
[SourceDate "2000.11.22"]
[SourceVersion "1"]
[SourceVersionDate "2000.11.22"]
[SourceQuality "1"]

1. e4 c6 2. d4 d5 3. exd5 cxd5 4. c4 Nf6 5. Nc3 g6 6. Qb3 Bg7 7. cxd5 0-0 8. Bf4 b6 9. Nf3 Bb7 10. Bc4 Ne8 11. 0-0 Nd6 12. Bd3 Nd7 13. Bxd6 exd6 14. Bb5 Nb8 15. Rfd1 a6 16. Bf1 Re8 17. a4 Nd7 18. g3 Nf6 19. Ne1 Ng4 20. h3 Nh6 21. Nc2 Nf5 22. Rd3 a5 23. Nb5 Ba6 24. Rad1 h5 25. Rc3 Re7 26. Nba3 Bxf1 27. Kxf1 Re4 28. Nb5 Qf6 29. Rf3 Rae8 30. Kg1 Qd8 31. Qd3 Nh6 32. Re3 f5 33. Rde1 Rxe3 34. Rxe3 Nf7 35. Re6 Rxe6 36. dxe6 Ng5 37. Qe3 Bf6 38. h4 Ne4 39. Qh6 Qe8 40. Nc7 Qe7 1-0